000 00500cam a22001337a 4500
008 180718b1988 xxu||||| |||| 00| 0 eng d
082 _aA81x54 In2/81/1/PT2A/2
100 _aCensus of India 1981
245 _aIndia: general population tables: towns and urban agglomerations classified by population in 1981 with variation since 1901
260 _aDelhi
_bController of Publications
_c1988
300 _a1173p.
440 _aCensus of India 1981. Series-1, India. Part-II-A (ii)
500 _aTable A-4
999 _c481849
_d481849